000 00558nam a22001457a 4500
003 SGT
082 _a658, GAR
100 _aDr.GARG R.K.
245 _aPRINCIPLES OF MANAGEMENT FOR BBA
260 _aNEW DELHI
_bJEEVANSONS PUBLICATIONS
_c2001
300 _a214
650 _aMANAGEMENT
653 _aMEANING NATURE AND SIGNIFICANCE OF MANAGEMENT, BASIC MANAGERIAL ROLES,SKILLS AND MANAGERIAL WORK, APPROACHES TO MANAGEMENT THOUGHT, CONTEMPORARY ISSUES AND CHALLENGES OF MANAGEMENT, PLANING, TYPES OF PLANS, DECISION MAKING, CONTROLLING,
942 _2ddc
_cFCM
999 _c9030
_d9030